[Event "Horgen CS"]
[Site "Horgen"]
[Date "1994.??.??"]
[Round "4"]
[White "Shirov, Alexei"]
[Black "Leko, Peter"]
[Result "1/2-1/2"]
[WhiteElo "2740"]
[BlackElo "2555"]
[PlyCount "110"]
[EventDate "1994.09.??"]
[Source "ChessBase"]

1. e4 e5 2. Nf3 Nc6 3. Nc3 Nf6 4. Bb5 Bb4 5. O-O O-O 6. d3 Bxc3 7. bxc3 d6 8.
Re1 h6 9. d4 Bd7 10. h3 Re8 11. Bd3 b6 12. Bb2 Nh7 13. Nd2 Ne7 14. Bf1 Ng6 15.
g3 Nf6 16. Bg2 Qc8 17. Kh2 Qa6 18. c4 Ba4 19. Re3 Bc6 20. f4 Qb7 21. d5 Bd7 22.
f5 Nf8 23. g4 g5 24. fxg6 fxg6 25. Nf1 g5 26. Rf3 Kg7 27. Ng3 Ng6 28. Qd2 Rf8
29. Raf1 Nh7 30. Nf5+ Bxf5 31. exf5 Ne7 32. Qb4 Rae8 33. a4 Nf6 34. a5 Neg8 35.
Ra3 Nd7 36. axb6 axb6 37. h4 Ngf6 38. hxg5 hxg5 39. Qd2 Kf7 40. Rfa1 Nxg4+ 41.
Kg1 b5 42. c5 Nxc5 43. Qxg5 Rg8 44. Qh5+ Ke7 45. Qh7+ Kf6 46. Qh4+ Kf7 47. Qh5+
Ke7 48. Qh7+ Kf6 49. Bd4 exd4 50. Rg3 Qc8 51. Qh4+ Kf7 52. Rxg4 Rh8 53. Rg7+
Kxg7 54. Qg5+ Kf7 55. Qg6+ Kf8 1/2-1/2

[Event "Horgen CS"]
[Site "Horgen"]
[Date "1994.??.??"]
[Round "5"]
[White "Leko, Peter"]
[Black "Lutz, Christopher"]
[Result "1/2-1/2"]
[WhiteElo "2555"]
[BlackElo "2580"]
[PlyCount "81"]
[EventDate "1994.09.??"]
[Source "ChessBase"]

1. e4 c6 2. Nc3 d5 3. d4 dxe4 4. Nxe4 Nd7 5. Nf3 Ngf6 6. Ng3 e6 7. Bd3 Be7 8.
O-O O-O 9. Qe2 c5 10. Rd1 Qc7 11. c4 Re8 12. dxc5 Nxc5 13. Bc2 Ncd7 14. Ng5 Nf8
15. N3e4 Nxe4 16. Qxe4 f5 17. Qe2 Bd7 18. Nf3 Bf6 19. Rb1 Rac8 20. b3 e5 21.
Bb2 e4 22. Nd4 Ng6 23. b4 Kh8 24. c5 Rcd8 25. g3 a6 26. f3 exf3 27. Qxf3 b6 28.
Nxf5 Bc6 29. Rxd8 Rxd8 30. Qe3 Bxb2 31. Rxb2 bxc5 32. bxc5 Re8 33. Qd4 Ne5 34.
Bd1 Qa5 35. Rd2 h6 36. Bh5 Qa3 37. Re2 Qc1+ 38. Kf2 Qh1 39. Rxe5 Qxh2+ 40. Ke1
Qxh5 41. Rxe8+ 1/2-1/2

[Event "Horgen CS"]
[Site "Horgen"]
[Date "1994.??.??"]
[Round "8"]
[White "Gavrikov, Viktor"]
[Black "Lutz, Christopher"]
[Result "1/2-1/2"]
[WhiteElo "2600"]
[BlackElo "2580"]
[PlyCount "45"]
[EventDate "1994.09.??"]
[Source "ChessBase"]

1. c4 e5 2. Nc3 Nf6 3. Nf3 Nc6 4. g3 Bb4 5. Bg2 O-O 6. O-O Bxc3 7. bxc3 Re8 8.
Qc2 e4 9. Nd4 Ne5 10. d3 c5 11. Nb3 d6 12. dxe4 Nxc4 13. Nd2 Be6 14. e5 Nxe5
15. Bxb7 Rb8 16. Bg2 Qa5 17. c4 Qa6 18. Bb2 Nfd7 19. f4 Nxc4 20. Bxg7 Ne3 21.
Qc3 Nxg2 22. Bh6 f6 23. Qf3 1/2-1/2

[Event "Horgen CS"]
[Site "Horgen"]
[Date "1994.??.??"]
[Round "10"]
[White "Shirov, Alexei"]
[Black "Gavrikov, Viktor"]
[Result "1/2-1/2"]
[WhiteElo "2740"]
[BlackElo "2600"]
[PlyCount "61"]
[EventDate "1994.09.??"]
[Source "ChessBase"]

1. e4 c5 2. Nf3 d6 3. d4 cxd4 4. Nxd4 Nf6 5. Nc3 a6 6. Be3 e5 7. Nf3 Be7 8. Bc4
O-O 9. O-O Be6 10. Qd3 Nc6 11. a3 Na5 12. Bxe6 fxe6 13. Na4 Nd7 14. b4 Nc6 15.
c4 Qe8 16. Nd2 Kh8 17. Nb3 Qg6 18. Nb6 Nxb6 19. Bxb6 Rac8 20. Rad1 Rf7 21. f3
h6 22. b5 Nb8 23. a4 Bf8 24. Be3 Nd7 25. bxa6 bxa6 26. Rb1 Rc7 27. Nd2 Be7 28.
Rb3 Rf8 29. Rfb1 Rfc8 30. Rb7 Qe8 31. Rxc7 1/2-1/2

[Event "Horgen CS"]
[Site "Horgen"]
[Date "1994.??.??"]
[Round "11"]
[White "Leko, Peter"]
[Black "Kortschnoj, Viktor"]
[Result "1/2-1/2"]
[WhiteElo "2555"]
[BlackElo "2615"]
[PlyCount "86"]
[EventDate "1994.09.??"]
[Source "ChessBase"]

1. e4 e6 2. d4 d5 3. Nc3 Nf6 4. Bg5 dxe4 5. Nxe4 Be7 6. Bxf6 gxf6 7. Nf3 b6 8.
Bb5+ c6 9. Bd3 Bb7 10. Qd2 Qc7 11. O-O-O Nd7 12. Rhe1 O-O-O 13. c4 Kb8 14. Nc3
Nf8 15. Kb1 Ng6 16. g3 f5 17. Qe3 c5 18. d5 Rhe8 19. Bc2 a6 20. Ba4 Rf8 21. Rd3
b5 22. cxb5 exd5 23. bxa6 d4 24. Qe2 Bxf3 25. Qxf3 dxc3 26. Rxc3 Ka7 27. Qxf5
Rd4 28. Bb5 Bd6 29. a4 Ne7 30. Qxh7 Nd5 31. Rd3 Be5 32. Rxd4 Bxd4 33. Qf5 Rd8
34. Re8 Rxe8 35. Bxe8 Nf6 36. Bb5 Qe7 37. Qc8 Qe1+ 38. Ka2 Qe6+ 39. Qxe6 fxe6
40. f3 Bg1 41. h3 Nh5 42. g4 Nf4 43. h4 Be3 1/2-1/2

[Event "Horgen SKA"]
[Site "Horgen"]
[Date "1994.??.??"]
[Round "1"]
[White "Godena, Michele"]
[Black "Magem Badals, Jorge"]
[Result "1/2-1/2"]
[WhiteElo "2485"]
[BlackElo "2520"]
[PlyCount "26"]
[EventDate "1994.09.??"]
[Source "ChessBase"]

1. e4 c6 2. d3 d5 3. Nd2 e5 4. Ngf3 Bd6 5. Qe2 Nf6 6. g3 O-O 7. Bg2 Re8 8. O-O
a5 9. Re1 a4 10. Qf1 dxe4 11. Nxe4 Nxe4 12. Rxe4 Bf5 13. Re2 Nd7 1/2-1/2

[Event "Horgen SKA"]
[Site "Horgen"]
[Date "1994.??.??"]
[Round "1"]
[White "Hodgson, Julian M"]
[Black "Masserey, Yvan"]
[Result "1-0"]
[WhiteElo "2580"]
[BlackElo "2300"]
[PlyCount "95"]
[EventDate "1994.09.??"]
[Source "ChessBase"]

1. d4 e6 2. g3 Nf6 3. Bg2 d5 4. Nf3 Be7 5. O-O O-O 6. c4 dxc4 7. Na3 Bxa3 8.
bxa3 Nd5 9. Qc2 Nb6 10. Bb2 Qe8 11. Ne5 Qa4 12. Rac1 Qxc2 13. Rxc2 N8d7 14.
Nxc4 Nxc4 15. Rxc4 c6 16. Rb1 Re8 17. a4 a5 18. Ba3 Ra6 19. Bc5 Rd8 20. e3 Nxc5
21. Rxc5 Kf8 22. Be4 h6 23. h4 Ke7 24. g4 Kf8 25. f4 Ke7 26. Kf2 Kf8 27. Ke1
Ke7 28. Kd2 Kf8 29. Kc3 Ke7 30. Bd3 Ra7 31. e4 Bd7 32. Kd2 Be8 33. Ke3 Kf8 34.
h5 Ke7 35. e5 f6 36. Bc4 Bf7 37. Kd3 g6 38. exf6+ Kxf6 39. Rg1 gxh5 40. gxh5
Rd6 41. f5 b5 42. axb5 cxb5 43. Bxe6 Bxh5 44. Rxb5 Bf7 45. d5 Ra8 46. Kd4 Rad8
47. Ke4 a4 48. Rb7 1-0

[Event "Horgen SKA"]
[Site "Horgen"]
[Date "1994.??.??"]
[Round "1"]
[White "Petursson, Margeir"]
[Black "Hickl, Joerg"]
[Result "1/2-1/2"]
[WhiteElo "2540"]
[BlackElo "2535"]
[PlyCount "58"]
[EventDate "1994.09.??"]
[Source "ChessBase"]

1. d4 d6 2. e4 Nf6 3. Nc3 g6 4. Nf3 Bg7 5. Be2 O-O 6. O-O c6 7. a4 Nbd7 8. a5
e5 9. dxe5 dxe5 10. Qd6 Ne8 11. Qb4 Bf6 12. Bh6 Ng7 13. Rfd1 Re8 14. Qd6 Be7
15. Qd2 Qc7 16. Be3 Nf8 17. Na4 Bg4 18. h3 Bxf3 19. Bxf3 Nge6 20. c3 h5 21. Be2
Red8 22. Qc1 Rdb8 23. b4 b5 24. Nb2 Rd8 25. Nd3 Nh7 26. Ra2 Nf6 27. Bf3 Nh7 28.
Be2 Nf6 29. Bf3 Nh7 1/2-1/2

[Event "Horgen SKA"]
[Site "Horgen"]
[Date "1994.??.??"]
[Round "1"]
[White "Zueger, Beat"]
[Black "Schlosser, Philipp"]
[Result "1/2-1/2"]
[WhiteElo "2420"]
[BlackElo "2510"]
[PlyCount "43"]
[EventDate "1994.09.??"]
[Source "ChessBase"]

1. c4 Nf6 2. Nf3 c5 3. g3 d5 4. cxd5 Nxd5 5. Nc3 Nc6 6. Nxd5 Qxd5 7. Bg2 e5 8.
d3 Be7 9. O-O O-O 10. Be3 Qe6 11. Qb3 Qd6 12. Rfc1 b6 13. Nd2 Bd7 14. Qd5 Qc7
15. a3 Rac8 16. Rab1 Bg4 17. Qxc6 Qxc6 18. Bxc6 Rxc6 19. f3 Bd7 20. b4 cxb4 21.
Rxc6 Bxc6 22. axb4 1/2-1/2

[Event "Horgen SKA"]
[Site "Horgen"]
[Date "1994.??.??"]
[Round "2"]
[White "Hickl, Joerg"]
[Black "Zueger, Beat"]
[Result "1/2-1/2"]
[WhiteElo "2535"]
[BlackElo "2420"]
[PlyCount "76"]
[EventDate "1994.09.??"]
[Source "ChessBase"]

1. g3 c5 2. Bg2 g6 3. c3 Bg7 4. d3 d5 5. a3 Nf6 6. b4 Nbd7 7. Nf3 b6 8. O-O Bb7
9. Nbd2 O-O 10. Rb1 Qc7 11. bxc5 Nxc5 12. Bb2 b5 13. Qc2 Rac8 14. Rfc1 Qa5 15.
Nb3 Nxb3 16. Qxb3 a6 17. Nd2 Rc7 18. Qb4 Qxb4 19. cxb4 Rfc8 20. Nb3 Nd7 21.
Bxg7 Kxg7 22. Kf1 Rxc1+ 23. Rxc1 Rxc1+ 24. Nxc1 Kf6 25. Nb3 Ke5 26. Ke1 Kd6 27.
Kd2 Nb6 28. f4 Bc8 29. Bf3 f6 30. e4 dxe4 31. Bxe4 Na4 32. Kc2 e5 33. fxe5+
Kxe5 34. Bf3 Kd6 35. d4 Nb6 36. Nd2 f5 37. Kc3 Be6 38. Bb7 Bc8 1/2-1/2

[Event "Horgen SKA"]
[Site "Horgen"]
[Date "1994.??.??"]
[Round "2"]
[White "Landenbergue, Claude"]
[Black "Godena, Michele"]
[Result "1-0"]
[WhiteElo "2450"]
[BlackElo "2485"]
[PlyCount "49"]
[EventDate "1994.09.??"]
[Source "ChessBase"]

1. e4 e5 2. Nf3 Nc6 3. Bb5 g6 4. d4 exd4 5. Bg5 Bb4+ 6. c3 dxc3 7. Nxc3 Bxc3+
8. bxc3 f6 9. Bh4 d6 10. O-O Bd7 11. Re1 Kf8 12. Rb1 b6 13. Bxc6 Bxc6 14. Nd4
Bd7 15. f4 c5 16. Nf3 Bc6 17. Rb2 Qc7 18. f5 Kg7 19. Rd2 Nh6 20. Rxd6 Rhf8 21.
Qd2 Ng8 22. e5 Rae8 23. c4 fxe5 24. Nxe5 Rxf5 25. Rxc6 1-0

[Event "Horgen SKA"]
[Site "Horgen"]
[Date "1994.??.??"]
[Round "2"]
[White "Masserey, Yvan"]
[Black "Petursson, Margeir"]
[Result "0-1"]
[WhiteElo "2300"]
[BlackElo "2540"]
[PlyCount "68"]
[EventDate "1994.09.??"]
[Source "ChessBase"]

1. e4 c5 2. Nf3 Nc6 3. d4 cxd4 4. Nxd4 g6 5. Nc3 Bg7 6. Nb3 Nf6 7. Be2 O-O 8.
O-O d6 9. Re1 a6 10. Bf1 b5 11. a4 b4 12. Nd5 Nxd5 13. exd5 Ne5 14. a5 Qc7 15.
Be3 Bf5 16. Bb6 Qxc2 17. Qxc2 Bxc2 18. Nd4 b3 19. Nxc2 bxc2 20. Rac1 Rfc8 21.
Re2 Nc4 22. Rexc2 Nxb6 23. axb6 Rcb8 24. Rc7 Rxb6 25. Rxe7 Rxb2 26. Rcc7 Bd4
27. Rxf7 a5 28. Rf4 Bb6 29. Re7 a4 30. Rff7 Bd4 31. Rf4 a3 32. Rxd4 a2 33. Rd1
a1=Q 34. Rxa1 Rxa1 0-1

[Event "Horgen SKA"]
[Site "Horgen"]
[Date "1994.??.??"]
[Round "2"]
[White "Schlosser, Philipp"]
[Black "Hug, Werner"]
[Result "0-1"]
[WhiteElo "2510"]
[BlackElo "2445"]
[PlyCount "148"]
[EventDate "1994.09.??"]
[Source "ChessBase"]

1. d4 Nf6 2. Bg5 Ne4 3. Bf4 d5 4. f3 Nf6 5. Nc3 e6 6. e4 Bb4 7. Qd3 c6 8. Nge2
b6 9. a3 Ba6 10. Qd2 Be7 11. g4 dxe4 12. fxe4 Nxg4 13. Bh3 Bh4+ 14. Ng3 e5 15.
Bxg4 exf4 16. Qxf4 Qxd4 17. Be2 Qf6 18. Qc7 Qe7 19. Qf4 Bxe2 20. Kxe2 Bxg3 21.
hxg3 Nd7 22. Rad1 Ne5 23. g4 f6 24. Rdg1 O-O 25. g5 fxg5 26. Qxg5 Qxg5 27. Rxg5
Rae8 28. b3 Nf3 29. Rg2 Rf7 30. Ke3 Ne5 31. Ne2 Rf3+ 32. Kd2 Ng6 33. Rg3 Rf6
34. Ke3 Ne7 35. Kd2 Rd6+ 36. Rd3 Re6 37. Ng3 Nc8 38. Rd7 Rd6+ 39. Rxd6 Nxd6 40.
Ke3 g6 41. a4 Kg7 42. Rd1 Rd8 43. Rf1 h5 44. a5 Nf7 45. axb6 axb6 46. Ra1 Ne5
47. Nf1 b5 48. Nh2 Kf6 49. Rf1+ Ke6 50. Rg1 Rf8 51. Rg2 Rg8 52. Rg5 Rf8 53. Rg2
c5 54. Rg1 Ra8 55. Nf3 Nxf3 56. Kxf3 Kf6 57. Rd1 Re8 58. Rd6+ Re6 59. Rd5 Re5
60. Rd6+ Kg5 61. c3 b4 62. cxb4 cxb4 63. Rb6 Rc5 64. Rxb4 Rc3+ 65. Kg2 Kf4 66.
Rb5 Re3 67. Rb6 g5 68. Rf6+ Kxe4 69. b4 Rb3 70. Rh6 h4 71. Rc6 Rxb4 72. Kh3 Kf5
73. Rc5+ Kf4 74. Rc3 Re4 0-1

[Event "Horgen SKA"]
[Site "Horgen"]
[Date "1994.??.??"]
[Round "3"]
[White "Fioramonti, Hung"]
[Black "Schlosser, Philipp"]
[Result "0-1"]
[WhiteElo "2415"]
[BlackElo "2510"]
[PlyCount "52"]
[EventDate "1994.09.??"]
[Source "ChessBase"]

1. Nf3 c5 2. c4 Nc6 3. Nc3 Nf6 4. g3 d5 5. cxd5 Nxd5 6. Bg2 Nc7 7. O-O e5 8. b3
Be7 9. Ne1 Bg4 10. Nc2 O-O 11. Ne3 Be6 12. Bxc6 bxc6 13. Na4 Bh3 14. Re1 f5 15.
Qc2 Ne6 16. Bb2 f4 17. Nc4 Qd5 18. f3 Nd4 19. Bxd4 exd4 20. Ncb2 Qg5 21. Kf2
Bd6 22. Rg1 Rae8 23. Nd3 fxg3+ 24. hxg3 h5 25. Naxc5 Qe7 26. Rae1 Qe3+ 0-1

[Event "Horgen SKA"]
[Site "Horgen"]
[Date "1994.??.??"]
[Round "3"]
[White "Godena, Michele"]
[Black "Brunner, Lucas"]
[Result "0-1"]
[WhiteElo "2485"]
[BlackElo "2525"]
[PlyCount "58"]
[EventDate "1994.09.??"]
[Source "ChessBase"]

1. e4 c6 2. d4 d5 3. Nc3 dxe4 4. Nxe4 Bf5 5. Ng3 Bg6 6. h4 h6 7. Nf3 Nf6 8. h5
Bh7 9. Bd3 Bxd3 10. Qxd3 e6 11. Bd2 Nbd7 12. O-O-O Be7 13. Qe2 O-O 14. Ne5 c5
15. dxc5 Bxc5 16. Nxd7 Qxd7 17. Ne4 Nxe4 18. Qxe4 Qc7 19. Qg4 Bxf2 20. Bxh6 f5
21. Qe2 Qb6 22. Bg5 f4 23. Qg4 Rf5 24. h6 Qe3+ 25. Kb1 Qg3 26. Qe2 Qe3 27. Qh5
Qe5 28. hxg7 Qxg7 29. Bh6 Rxh5 0-1

[Event "Horgen SKA"]
[Site "Horgen"]
[Date "1994.??.??"]
[Round "3"]
[White "Hodgson, Julian M"]
[Black "Landenbergue, Claude"]
[Result "1-0"]
[WhiteElo "2580"]
[BlackElo "2450"]
[PlyCount "79"]
[EventDate "1994.09.??"]
[Source "ChessBase"]

1. d4 e6 2. g3 c5 3. Nf3 cxd4 4. Nxd4 Nc6 5. Bg2 Qb6 6. Nb3 d5 7. O-O Nf6 8.
Be3 Qc7 9. Nc3 Be7 10. Nb5 Qd8 11. c4 O-O 12. Rc1 a6 13. N5d4 Ne5 14. cxd5 exd5
15. Bf4 Ng6 16. Bc7 Qe8 17. Nc5 Bxc5 18. Rxc5 Qe7 19. Qc2 Be6 20. Rc1 Rfc8 21.
a4 Ne8 22. Nxe6 fxe6 23. Bh3 Nf8 24. Bb6 Nd6 25. Rc7 Qf6 26. Rd1 Qh6 27. Bg2
Nc4 28. Rxc8 Rxc8 29. Bd4 Nd6 30. Qb3 Qg6 31. Be5 Nf7 32. Bc3 Rc7 33. h4 Nd7
34. e4 dxe4 35. Ba5 b6 36. Bxb6 Rb7 37. a5 Qh5 38. Qc2 Nxb6 39. axb6 Rb8 40. b7
1-0

[Event "Horgen SKA"]
[Site "Horgen"]
[Date "1994.??.??"]
[Round "3"]
[White "Hug, Werner"]
[Black "Hickl, Joerg"]
[Result "1/2-1/2"]
[WhiteElo "2445"]
[BlackElo "2535"]
[PlyCount "34"]
[EventDate "1994.09.??"]
[Source "ChessBase"]

1. d4 d6 2. Nf3 Nf6 3. c3 Nbd7 4. Nbd2 c6 5. e4 Qc7 6. Bd3 e5 7. O-O Be7 8. Re1
O-O 9. h3 Re8 10. a4 Nf8 11. dxe5 dxe5 12. Nc4 Ng6 13. Qc2 h6 14. Rf1 Be6 15.
Ne3 Nd7 16. Bc4 Bxc4 17. Nxc4 Rad8 1/2-1/2

[Event "Horgen SKA"]
[Site "Horgen"]
[Date "1994.??.??"]
[Round "4"]
[White "Brunner, Lucas"]
[Black "Schlosser, Philipp"]
[Result "1/2-1/2"]
[WhiteElo "2525"]
[BlackElo "2510"]
[PlyCount "58"]
[EventDate "1994.09.??"]
[Source "ChessBase"]

1. Nf3 Nf6 2. g3 c5 3. Bg2 Nc6 4. O-O g6 5. c4 Bg7 6. Nc3 O-O 7. d4 cxd4 8.
Nxd4 Ng4 9. e3 d6 10. b3 Nxd4 11. exd4 Nh6 12. Bb2 Rb8 13. a4 Bd7 14. a5 Nf5
15. Nd5 e6 16. Ne3 Nxe3 17. fxe3 Bc6 18. Qd3 d5 19. Rfc1 Re8 20. c5 a6 21. b4
f5 22. Qd2 Qd7 23. Bf1 Re7 24. Re1 Rbe8 25. Rab1 h5 26. Bc3 Bf6 27. Qb2 Bb5 28.
Bxb5 axb5 29. Ra1 Qc6 1/2-1/2

[Event "Horgen SKA"]
[Site "Horgen"]
[Date "1994.??.??"]
[Round "4"]
[White "Godena, Michele"]
[Black "Hodgson, Julian M"]
[Result "1/2-1/2"]
[WhiteElo "2485"]
[BlackElo "2580"]
[PlyCount "74"]
[EventDate "1994.09.??"]
[Source "ChessBase"]

1. e4 d6 2. d4 Nf6 3. Nc3 g6 4. Nf3 Bg7 5. h3 O-O 6. Be3 a6 7. a4 b6 8. Bc4 e6
9. e5 dxe5 10. Nxe5 Bb7 11. O-O Nc6 12. Be2 Nxe5 13. dxe5 Nd5 14. Nxd5 Qxd5 15.
Qxd5 exd5 16. f4 f6 17. exf6 Bxf6 18. Bc1 d4 19. Bd3 c5 20. Bd2 Bc6 21. Rfe1
Bd7 22. g4 b5 23. g5 Bg7 24. Re7 Bxh3 25. axb5 axb5 26. Rxa8 Rxa8 27. Bxb5 Bf5
28. Bc4+ Kh8 29. Bd3 Bxd3 30. cxd3 Rb8 31. Bc1 Bf8 32. Ra7 Rb3 33. Ra3 Rb7 34.
Kf2 Kg7 35. Ra6 Kf7 36. Kf3 Re7 37. Bd2 Rb7 1/2-1/2

[Event "Horgen SKA"]
[Site "Horgen"]
[Date "1994.??.??"]
[Round "4"]
[White "Hickl, Joerg"]
[Black "Fioramonti, Hung"]
[Result "1-0"]
[WhiteElo "2535"]
[BlackElo "2415"]
[PlyCount "57"]
[EventDate "1994.09.??"]
[Source "ChessBase"]

1. g3 d5 2. Bg2 g6 3. Nf3 Bg7 4. O-O e5 5. d3 Ne7 6. c4 c6 7. Na3 O-O 8. Rb1 a5
9. b3 h6 10. Nc2 Be6 11. Bb2 Qc7 12. e3 Na6 13. Qe2 Nb4 14. a3 Nxd3 15. Qxd3
dxc4 16. bxc4 e4 17. Qxe4 Bf5 18. Qf4 Qxf4 19. gxf4 Bxc2 20. Bxg7 Kxg7 21. Rxb7
Rfe8 22. Ne5 Rac8 23. Rc1 Ba4 24. Bh3 f5 25. Bg2 Rb8 26. Rcb1 Rxb7 27. Rxb7 Kf6
28. Nd7+ Kf7 29. Nb6 1-0

[Event "Horgen SKA"]
[Site "Horgen"]
[Date "1994.??.??"]
[Round "4"]
[White "Landenbergue, Claude"]
[Black "Petursson, Margeir"]
[Result "0-1"]
[WhiteElo "2450"]
[BlackElo "2540"]
[PlyCount "104"]
[EventDate "1994.09.??"]
[Source "ChessBase"]

1. e4 c5 2. Nf3 Nc6 3. d4 cxd4 4. Nxd4 g6 5. Nc3 Bg7 6. Be3 Nf6 7. Bc4 O-O 8.
Bb3 d6 9. h3 Nxd4 10. Bxd4 b5 11. a3 a5 12. O-O Bb7 13. Qd3 Ba6 14. Nxb5 Nxe4
15. Qxe4 Bxb5 16. Bxg7 Kxg7 17. Bc4 Bxc4 18. Qxc4 Qb6 19. b3 Rfc8 20. Qe4 Ra7
21. Rfe1 Rc3 22. Re3 Rxe3 23. fxe3 Rc7 24. Rf1 Qc5 25. a4 Qxc2 26. Qd5 f6 27.
Qxa5 Rb7 28. Qd5 Qxb3 29. Qxb3 Rxb3 30. Ra1 Kf7 31. a5 Rb7 32. Kf2 Ke6 33. Ke2
Kd5 34. Kd3 Ra7 35. g4 Kc5 36. Ke4 d5+ 37. Kd3 e5 38. Kc3 Kb5 39. Rd1 Rc7+ 40.
Kb3 Rc5 41. Rf1 Rc6 42. Rd1 Rd6 43. Ra1 Rd7 44. a6 Kb6 45. Kc3 Ra7 46. Rd1 Rxa6
47. Rxd5 Kc6 48. Rd8 Ra7 49. Rf8 Kd5 50. Rxf6 Ke4 51. Re6 Ra3+ 52. Kd2 Rd3+ 0-1

[Event "Horgen SKA"]
[Site "Horgen"]
[Date "1994.??.??"]
[Round "4"]
[White "Magem Badals, Jorge"]
[Black "Zueger, Beat"]
[Result "1/2-1/2"]
[WhiteElo "2520"]
[BlackElo "2420"]
[PlyCount "46"]
[EventDate "1994.09.??"]
[Source "ChessBase"]

1. e4 e6 2. d4 d5 3. Nc3 Nf6 4. e5 Nfd7 5. f4 c5 6. Nf3 Nc6 7. Be3 cxd4 8. Nxd4
Qb6 9. Qd2 Qxb2 10. Rb1 Qa3 11. Bb5 Nxd4 12. Bxd4 Bb4 13. O-O a6 14. Rb3 Qa5
15. Rfb1 Ba3 16. Bxd7+ Bxd7 17. Kh1 Bc5 18. Bxc5 Qxc5 19. Rxb7 Rd8 20. Ne2 Qf2
21. R1b3 O-O 22. Rf3 Qc5 23. Nd4 Rb8 1/2-1/2

[Event "Horgen SKA"]
[Site "Horgen"]
[Date "1994.??.??"]
[Round "4"]
[White "Masserey, Yvan"]
[Black "Hug, Werner"]
[Result "1/2-1/2"]
[WhiteElo "2300"]
[BlackElo "2445"]
[PlyCount "49"]
[EventDate "1994.09.??"]
[Source "ChessBase"]

1. e4 e6 2. d4 d5 3. e5 c5 4. c3 Nc6 5. Nf3 Nge7 6. a3 a5 7. Bd3 cxd4 8. cxd4
Nf5 9. Be3 Be7 10. Nc3 g6 11. O-O Bd7 12. Rc1 Rc8 13. Qb3 O-O 14. Na4 Nxe3 15.
fxe3 Rc7 16. Rc3 f6 17. exf6 Rxf6 18. Nc5 Bc8 19. Bb5 Na7 20. Rfc1 Bd6 21. Be2
Nc6 22. Qc2 Rf8 23. Bb5 Na7 24. Be2 Nc6 25. Bb5 1/2-1/2

[Event "Horgen SKA"]
[Site "Horgen"]
[Date "1994.??.??"]
[Round "5"]
[White "Hodgson, Julian M"]
[Black "Brunner, Lucas"]
[Result "1-0"]
[WhiteElo "2580"]
[BlackElo "2525"]
[PlyCount "75"]
[EventDate "1994.09.??"]
[Source "ChessBase"]

1. d4 d5 2. Bg5 c6 3. Nf3 Qb6 4. b3 Bf5 5. e3 e6 6. Bd3 Bxd3 7. Qxd3 c5 8. O-O
Nc6 9. c4 cxd4 10. exd4 Be7 11. Nc3 dxc4 12. bxc4 Bxg5 13. Nxg5 Qxd4 14. Qg3
Qe5 15. f4 Qc5+ 16. Kh1 Nf6 17. f5 e5 18. Nge4 Nxe4 19. Nxe4 Qd4 20. Qxg7 O-O-O
21. Rae1 Nb4 22. c5 Nd3 23. Nd6+ Kb8 24. Qxf7 Nxc5 25. Rd1 Qg4 26. Qd5 Rhg8 27.
g3 b6 28. Qxe5 Qg7 29. f6 Qc7 30. f7 Rgf8 31. Rfe1 Nb7 32. Nxb7 Rxd1 33. Qxc7+
Kxc7 34. Rxd1 Kxb7 35. Rd7+ Ka6 36. Kg2 b5 37. Kf3 Kb6 38. Ke4 1-0

[Event "Horgen SKA"]
[Site "Horgen"]
[Date "1994.??.??"]
[Round "5"]
[White "Petursson, Margeir"]
[Black "Godena, Michele"]
[Result "1-0"]
[WhiteElo "2540"]
[BlackElo "2485"]
[PlyCount "57"]
[EventDate "1994.09.??"]
[Source "ChessBase"]

1. c4 e6 2. g3 Nf6 3. Bg2 d5 4. Nf3 Be7 5. O-O O-O 6. d4 c6 7. Qc2 b6 8. b3 Bb7
9. Nc3 Nbd7 10. Rd1 Rc8 11. e4 c5 12. exd5 exd5 13. Bb2 dxc4 14. d5 cxb3 15.
axb3 Ne8 16. Rxa7 Nd6 17. Ne4 Rc7 18. Nfg5 Bxg5 19. Nxd6 Qb8 20. Nb5 Bf6 21.
Rda1 Bxb2 22. Qxb2 Rcc8 23. Rxb7 Qxb7 24. Ra7 Qb8 25. Rxd7 Rce8 26. Qa1 Qc8 27.
Bh3 Qb8 28. Nc7 Re2 29. Ne6 1-0

[Event "Horgen SKA"]
[Site "Horgen"]
[Date "1994.??.??"]
[Round "5"]
[White "Zueger, Beat"]
[Black "Landenbergue, Claude"]
[Result "1-0"]
[WhiteElo "2420"]
[BlackElo "2450"]
[PlyCount "69"]
[EventDate "1994.09.??"]
[Source "ChessBase"]

1. c4 e5 2. Nc3 Nf6 3. Nf3 Nc6 4. g3 Bb4 5. Nd5 e4 6. Nh4 O-O 7. Bg2 Re8 8. O-O
Bc5 9. d3 exd3 10. Qxd3 Ne5 11. Qc2 c6 12. Be3 cxd5 13. Bxc5 d6 14. Bd4 dxc4
15. Rfd1 Qe7 16. Rd2 Be6 17. Rad1 Rac8 18. Bc3 Red8 19. Nf5 Bxf5 20. Qxf5 h6
21. Rxd6 Re8 22. Qxe5 Qxe5 23. Bxe5 Rxe5 24. Bxb7 Rc7 25. Bf3 Ra5 26. Rd8+ Kh7
27. Ra1 g6 28. a3 Nd7 29. Rc1 Ne5 30. Rc3 Rb5 31. Rd2 Kg7 32. Kg2 Rcc5 33. Be4
Rb3 34. Rxb3 cxb3 35. Rd5 1-0

[Event "Horgen SKA"]
[Site "Horgen"]
[Date "1994.??.??"]
[Round "6"]
[White "Brunner, Lucas"]
[Black "Hickl, Joerg"]
[Result "0-1"]
[WhiteElo "2525"]
[BlackElo "2535"]
[PlyCount "96"]
[EventDate "1994.09.??"]
[Source "ChessBase"]

1. e4 g6 2. d4 d6 3. c4 e5 4. Nf3 exd4 5. Nxd4 Bg7 6. Nc3 Nc6 7. Be3 Nge7 8.
Be2 f5 9. Nxc6 Nxc6 10. Qd2 fxe4 11. Nxe4 Qe7 12. Nc3 Be6 13. Nd5 Qf7 14. Rc1
Ne5 15. b3 O-O 16. O-O Rae8 17. Rfe1 a6 18. f4 Ng4 19. Bxg4 Bxg4 20. Bd4 Bxd4+
21. Qxd4 Be6 22. g3 c5 23. Qd2 Bxd5 24. Qxd5 Qxd5 25. cxd5 Rxe1+ 26. Rxe1 Rf5
27. Rd1 g5 28. fxg5 Rxg5 29. Kf2 Kf7 30. Kf3 Kf6 31. g4 Ke5 32. h4 Rg7 33. g5
b5 34. Kg4 c4 35. bxc4 bxc4 36. Kh5 c3 37. Kh6 Rc7 38. h5 c2 39. Rc1 Kxd5 40.
g6 hxg6 41. hxg6 Kd4 42. g7 Rc8 43. g8=Q Rxg8 44. Rxc2 d5 45. Rc6 a5 46. Ra6
Kc4 47. Rxa5 d4 48. Ra7 Rd8 0-1

[Event "Horgen SKA"]
[Site "Horgen"]
[Date "1994.??.??"]
[Round "6"]
[White "Godena, Michele"]
[Black "Zueger, Beat"]
[Result "0-1"]
[WhiteElo "2485"]
[BlackElo "2420"]
[PlyCount "120"]
[EventDate "1994.09.??"]
[Source "ChessBase"]

1. e4 e6 2. d4 d5 3. Nd2 Nf6 4. e5 Nfd7 5. c3 c5 6. Bd3 Nc6 7. Ne2 cxd4 8. cxd4
f6 9. exf6 Nxf6 10. Nf3 Bd6 11. O-O O-O 12. Bf4 Bxf4 13. Nxf4 Ne4 14. Qc1 Ng5
15. Nxg5 Qxg5 16. Bxh7+ Kxh7 17. Nxe6 Qf5 18. Nxf8+ Qxf8 19. Qg5 Bf5 20. Rfe1
Rd8 21. Re3 Rd6 22. Rf3 Rf6 23. Re1 Kg8 24. Rg3 Be6 25. Qd2 Bd7 26. Rg5 Rf5 27.
h3 a5 28. Rxf5 Qxf5 29. Qc3 Be6 30. Qe3 Bf7 31. Kh2 Qc2 32. Re2 Qc4 33. b3 Qxd4
34. Qxd4 Nxd4 35. Re7 b5 36. Rb7 Be8 37. Kg3 Ne2+ 38. Kf3 Nc3 39. a4 bxa4 40.
bxa4 d4 41. Rb6 d3 42. Rd6 Nd5 43. Ra6 Bxa4 44. Rxa5 Nb6 45. Rxa4 Nxa4 46. Ke3
Nc5 47. h4 Kf7 48. g4 Nd7 49. h5 Ne5 50. f3 d2 51. Kxd2 Nxf3+ 52. Ke3 Ng5 53.
Kf4 Kf6 54. Kg3 Nf7 55. Kf4 Nd6 56. g5+ Ke6 57. Kg4 Ke5 58. g6 Nf5 59. Kg5 Nh6
60. Kh4 Kf5 0-1

[Event "Horgen SKA"]
[Site "Horgen"]
[Date "1994.??.??"]
[Round "6"]
[White "Hodgson, Julian M"]
[Black "Petursson, Margeir"]
[Result "1-0"]
[WhiteElo "2580"]
[BlackElo "2540"]
[PlyCount "57"]
[EventDate "1994.09.??"]
[Source "ChessBase"]

1. d4 d5 2. Bg5 c6 3. Nf3 Bf5 4. c4 Qb6 5. Qc1 e6 6. c5 Qc7 7. Nc3 Nd7 8. Bf4
Qd8 9. b4 Ngf6 10. h3 Be7 11. e3 Ne4 12. Be2 Ndf6 13. Bh2 Nxc3 14. Qxc3 Ne4 15.
Qb2 h5 16. O-O a6 17. a4 O-O 18. b5 axb5 19. axb5 cxb5 20. Rxa8 Qxa8 21. Ra1
Qc8 22. Bxb5 Bd8 23. Ra7 Bc7 24. Bxc7 Qxc7 25. Ne5 f6 26. Nd7 Rd8 27. c6 e5 28.
cxb7 Bxd7 29. Bxd7 1-0

[Event "Horgen SKA"]
[Site "Horgen"]
[Date "1994.??.??"]
[Round "6"]
[White "Landenbergue, Claude"]
[Black "Hug, Werner"]
[Result "1/2-1/2"]
[WhiteElo "2450"]
[BlackElo "2445"]
[PlyCount "34"]
[EventDate "1994.09.??"]
[Source "ChessBase"]

1. e4 e6 2. d4 d5 3. Nd2 c5 4. Ngf3 cxd4 5. exd5 Qxd5 6. Bc4 Qd6 7. Qe2 Nf6 8.
Nb3 Nc6 9. Bg5 a6 10. O-O-O b5 11. Bd3 Be7 12. Kb1 Bd7 13. Rhe1 Rd8 14. h4 h6
15. Bc1 Nd5 16. Be4 O-O 17. g3 e5 1/2-1/2